00397pab a2200133 454500008004000000100002100040245009800061260000900159300001500168362000800183650002600191650001400217773003200231180718b2011 xxu||||| |||| 00| 0 eng d aBandara, Ranjith aThe determinants of inflation in Sri Lanka: An application of the Vector autoregression model c2011 ap.271-287. aSep aInflation - Sri Lanka aInflation aSouth Asia Economic Journal